书目信息 |
| 题名: |
智力测验大全
|
|
| 作者: | 尹明 , 艾克 著 | |
| 分册: | 1 民间益智故事 | |
| 出版信息: | 北京 北京少年儿童出版社 1983 |
|
| 页数: | 187页 | |
| 开本: | 19cm | |
| 丛书名: | ||
| 单 册: | ||
| 中图分类: | G899 | |
| 科图分类: | ||
| 主题词: | 智力游戏 , 文娱性体育活动 | |
| 电子资源: | ||
| ISBN: | ||
| 000 | 00829nam0 2200289 45 | |
| 001 | 0183010729 | |
| 005 | 20040509155705.1 | |
| 010 | @dCNY0.591 | |
| 091 | @a7325.11(1) | |
| 100 | @a19950703d1983 am y0chiy0121 ea | |
| 101 | 0 | @achi |
| 102 | @aCN@b110000 | |
| 105 | @af z 000yy | |
| 106 | @ar | |
| 200 | 10 | @a智力测验大全@h1@i民间益智故事@Azhi li ce yan da quan@f尹明, 艾克著 |
| 210 | @a北京@c北京少年儿童出版社@d1983 | |
| 215 | @a187页@c图@d19cm | |
| 327 | 1 | @a第1册,民间益智故事@a第2册,语言故事益智游戏@a第3册,延期科学趣题 |
| 517 | @a民间益智故事@AMin Jian Yi Zhi Gu Shi | |
| 606 | @a智力游戏 | |
| 606 | 0 | @a文娱性体育活动 |
| 690 | @aG899 | |
| 701 | 0 | @a尹明@Ayin ming@4著 |
| 701 | 0 | @a艾克@Aai ke@4著 |
| 801 | 0 | @aCN@b上海图书馆@c20040509 |
| 801 | 2 | @aCN@bNLC@c20040509 |
| 905 | @f1@b105182@dG899@e18:1 | |
| 智力测验大全.1.民间益智故事/尹明, 艾克著.-北京:北京少年儿童出版社,1983 |
| 187页:图;19cm |
| 部分内容:第1册,民间益智故事;第2册,语言故事益智游戏;第3册,延期科学趣题 |
| ISBN :CNY0.591 |
| ● |
| 相关链接 |
|
|
|
|
正题名:智力测验大全
索取号:G899/18:1
 
预约/预借
| 序号 | 登录号 | 条形码 | 馆藏地/架位号 | 状态 | 备注 |
| 1 | 0105182 | 000307475 | 密集书库/ [索取号:G899/18:1] | 在馆 |